Statistics for Lakes by Country

Click here to take the quiz!

General Stats

  • This quiz has been taken 239 times
    (190 since last reset)
  • The average score is 15 of 22

Answer Stats

LakeCountry% Correct
Lake BaikalRussia
99%
Lake VictoriaKenya | Tanzania | Uganda
98%
Lake GenevaFrance | Switzerland
97%
Great Salt LakeUnited States
97%
Lake WinnipegCanada
95%
Loch NessUnited Kingdom
95%
Dead SeaIsrael | Jordan
92%
Lake TiticacaBolivia | Peru
88%
Lake ComoItaly
81%
Lake ManaguaNicaragua
79%
Lake QinghaiChina
75%
Aral SeaKazakhstan | Uzbekistan
71%
Lake MaracaiboVenezuela
65%
Lake BalatonHungary
59%
Lake BalkhashKazakhstan
51%
SaimaaFinland
46%
Lake VanTurkey
44%
Lake ConstanceAustria | Germany | Switzerland
41%
Lake EyreAustralia
37%
Lake TobaIndonesia
29%
Lake TaupoNew Zealand
27%
Lake SevanArmenia
18%

Score Distribution

Percentile by Number Answered

Percent of People with Each Score

Your Score History

You have not taken this quiz since the last reset